Statystyki dla Ekstremalny Test Wiedzy- Mniej Więcej

Kliknij tutaj aby rozwiązać quiz!

Ogólne statystyki

  • Ten quiz został rozwiązany 265 razy
  • Średni wynik to 8 z 27

Statystyki odpowiedzi

PytaniaOdpowiedzi% Poprawnych
Kto był gościem w odcinku WIELKICH mistrzostw hot-dogów?Gimper
83%
W ilu odcinkach wystąpił Gimper?W trzech
78%
Kto był gościem w drugim odcinku Prawda Czy Obrzydlistwo?Lord Kruszwil
75%
Jaki drugi kanał ma Mniej Więcej ( na nim pojawiają się przedłużenia ich materiałów)?Jeszcze Więcej
60%
Jaki był najostrzejszy sos spróbowany przez Mniej Więcej?DA'BOMB ground zero
59%
Kto okazał się głodnym youtuberem w "Rozpoznaj Ulubione Dania YouTuberów Challenge"?Unboxall
49%
Jakim zagranicznym kanałem Mniej Więcej się inspiruje?Good Mythical Morning
48%
Kto był Czwartym Gościem Prawda Czy Obrzydlistwo?Robert Pasut
34%
Jaki produkt okazał się Wielkim zwycięzcą w Bitwie Keczupów?Kotlin
33%
Jaki film okazał się najpopularniejszy w odcinku"Zgadujemy najpopularniejsze filmy polskiego YouTube"?Mutant Giant Spider Dog (SA Wardega)
32%
W "Rozpoznaj YouTubera Po Lodówce Challenge", kogo lodówka wydała się prowadzącym najbardziej oczywista?Tomasza "Gimpera" Działowego
32%
Które nugetsy w rozpoznawaniu na ślepo pojowiły się na odcinku choć nugetsami do końca nie były?chicken bitsy z KFC
31%
Co było głównym motywem pierwszego odcinka na kanale Mniej Więcej?Energetyki
31%
Co zdaniem Bladiego stało się z kamieniami po miesiącu w occie?WYBUCHŁY!!!
30%
Który odcinek Mniej Więcej ma najwięcej wyświetleń?Spróbowaliśmy WSZYSTKIEGO z McDonald's
25%
W jakim odcinku wystąpił Adam Wiejak (Poszukiwacz)?Marka Lidl vs Oryginały
14%
Jakich pierogów fanem jest ignacy (2)?Ruskich i z mięsem
13%
Kto jest "mistrzem" budyniologii?Janek
9%
Co stało się na koniec Wielkich Mistrzostw Czekolady?Ignacy i Mandzio zostali oblani czekoladą
7%
Które racje żywnościowe według Mniej Więcej były najsmaczniejsze?polska i amerykańska
4%
Co było motywem przewodni odcinka usuniętego przez Mniej Więcej z YouTube'a z powodu jego nieprzyzwoitości, hardkorowości?Sushi
3%
Odcinek na ślepo który nie był testem ani mistrzostwami, ani rozpoznawaniem?Co jest w PUDEŁKU?
2%
Tytuł odcinka związanego ściśle z jakimś świętem?Najgorsze Walentynkowe Prezenty
2%
Jak nazywał się odcinek, którego głownym motywem była gwara polska?Polskie słowa, których NIE ZNASZ!
2%
W czym Mandzio (Łukasz Samoń) jest mistrzemw kłamaniu
2%
Co według Ignacego sprawia, że potrawa nabiera zajebistości, a bynajmniej jest zjadliwa?15 minut w mikrofali
1%
Najbardziej szalona rzecz, którą zrobili prowadzący mniej więcej (eksperyment)?Cola and mentos Challenge
1%

Rozkład punktacji

Percentyl według liczby udzielonych odpowiedzi

Procent ludzi z każdym wynikiem

Twoja historia wyników

Nie rozwiązałeś tego quizu